| 000 | 00560nam a2200157 a 4500 | ||
|---|---|---|---|
| 008 | 120416s1975 ||||||||||||||||| || u | ||
| 050 | _aQH 541.5.W3 Bio | ||
| 110 | _aBiological Science Curriculum | ||
| 245 | 1 | 0 | _aWater quality: environment resource papers |
| 260 |
_aMenlo Park _bAddison-Wesley _c1975 |
||
| 300 | _a(4), 56p. : ill | ||
| 350 | _a0.00 | ||
| 650 | _aAQUATIC ECOLOGY | ||
| 650 | _aECOLOGY | ||
| 995 |
_D0.00 _FCBU-MAIN LIBRARY (Kitwe) _H1 _I1.50 _M1 _UDAMAGED _ZMain Library Open Access Collection |
||
| 999 |
_c61488 _d61488 |
||